000 01189nam a2200313 c 4500
003 BLK
005 20211101171045.0
008 180409b bul|||||r ||||||| ||bul||
010 _aKNG00125517000
020 _a954-04-0097-X
_bиздат.: Нар. култура
040 _aBLK
041 _aBUL
_cBUL
080 _aЧилийска литература
_b821.134.2(83)
_x-31
_z821.134.2(83)-31
100 1 _aАлиенде, Исабел
_eпърви автор
_930822
700 1 _aНиколов, Венцеслав Стефанов
_eпрев. от исп.
_9366742
139 _aАлиенде, Исабел
_bА 54
245 1 0 _aЕва Луна
_bРоман
_cИсабел Алиенде; прев. от исп. Венцеслав Стефанов Николов.
257 _aCHI
260 София
_bНар. култура
_c1995
300 _a303 с.
_c20 см
380 _aX
500 _aОриг. загл. Eva Luna / Isabel Allende. - 5 000 тир.
653 _aромани
852 _aЦб 183671
856 4 _qpdf
_u
856 4 _qpdf
_u
942 _cKNG
_n0
_07
944 _aCR
_c31.08.2011
_lф / 31.08.2011
_kЛюдмила_Стоянова
944 _aED
_c06.11.2012
_lф / 31.08.2011
_k
999 _c119901
_d119901